How persistent are shocks to world commodity prices ?
Na minha lista:
| Autor principal: | |
|---|---|
| Outros Autores: | , |
| Formato: | Livro |
| Idioma: | inglês |
| Publicado em: |
Washington
IMF
1999
|
| Colecção: | IMF working paper
W/99/80 |
| Assuntos: | |
| Tags: |
Sem tags, seja o primeiro a adicionar uma tag!
|
MARC
| LEADER | 00000nam a2200000 4500 | ||
|---|---|---|---|
| 001 | c116276 | ||
| 005 | 20221221082553.2 | ||
| 041 | 0 | |a eng | |
| 044 | |a US | ||
| 245 | 1 | 0 | |a How persistent are shocks to world commodity prices ? |c Prepared by Paul Cashin, Hong Liang, and C. John McDermott |
| 264 | 1 | |a Washington |b IMF |c 1999 | |
| 300 | |a 54 s. | ||
| 490 | 1 | |a IMF working paper |v W/99/80 | |
| 830 | 0 | |a IMF working paper |v W/99/80 | |
| 610 | 2 | 0 | |a komodity |
| 610 | 2 | 0 | |a ceny |
| 610 | 2 | 0 | |a ceny svetové |
| 610 | 2 | 0 | |a stabilita cien |
| 610 | 2 | 0 | |a 1957-1998 |
| 100 | 1 | |a Cashin, Paul | |
| 700 | 1 | |a Liang, Hong | |
| 700 | 1 | |a McDermott, C. John | |